| 000 | 00886cam a22002891 4500 | ||
|---|---|---|---|
| 001 | 10335158 | ||
| 003 | OSt | ||
| 005 | 20170105113127.0 | ||
| 008 | 750926s1966 enka 000 0 eng | ||
| 010 | _a 65026892 | ||
| 015 | _aGB66-3687 | ||
| 035 | _a(OCoLC)1658013 | ||
| 040 |
_aDLC _cFMU _dOCoLC _dUk _dDLC |
||
| 042 | _apremarc | ||
| 050 | 0 | 0 |
_aTA347.T4 _bJ3 1966 |
| 082 | _a620.112 | ||
| 100 | 1 | _aJaeger, Leslie G. | |
| 245 | 1 | 0 |
_aCartesian tensors in engineering science, _cby L.G. Jaeger. |
| 250 | _a[1st ed.] | ||
| 260 |
_aOxford, _aNew York, _bPergamon Press _c[1966] |
||
| 300 |
_aviii, 116 p. _billus. _c19 cm. |
||
| 490 | 0 | _aThe Commonwealth and International Library. Structures and Solid Body Mechanics Division | |
| 650 | 0 | _aCalculus of tensors. | |
| 650 | 0 | _aEngineering mathematics. | |
| 906 |
_a7 _bcbc _coclcrpl _du _encip _f19 _gy-gencatlg |
||
| 942 |
_2ddc _cBK |
||
| 999 |
_c34173 _d34173 |
||